| 000 | 00401nam a2200109Ia 4500 | ||
|---|---|---|---|
| 008 | 171212s9999 xx 000 0 und d | ||
| 020 | _a9781910634837 | ||
| 245 |
_ceditor Deisser, Anne-Marie;Njuguna, Mugwima _aConservation of Natural and Cultural Heritage in Kenya _bA Cross-Disciplinary Approach |
||
| 260 |
_bUCL Press _c2016 |
||
| 650 | _aAnthropology | ||
| 856 | _uhttp://jstor.org/stable/j.ctt1gxxpc6 | ||
| 999 |
_c352856 _d352856 |
||